| 000 | 01002nam a22003017a 4500 | ||
|---|---|---|---|
| 001 | BR9402364 | ||
| 003 | BR-BrBNA | ||
| 005 | 20230928094000.0 | ||
| 007 | ta | ||
| 008 | 230509b bl.||||| |||| 00| 0 por d | ||
| 040 |
_aBR-BrBNA _bpor _cBiblioteca Nacional de Agricultura |
||
| 041 | _a(Por)) | ||
| 072 |
_aP33 _b0120 |
||
| 090 | _ 0120 BR9402364 | ||
| 100 | 1 | _aBallestero, S.D. | |
| 110 | 1 |
_aEscola Superior de Agricultura Luiz de Queiroz, Piracicaba, SP (Brasil) _0Tese (Doutor em Agronomia) |
|
| 245 | 1 | _aEfeito da semeadura do milho em quatro niveis de umidade na compactacao de um latossolo vermelho-amarelo | |
| 260 | 3 |
_aPiracicaba, SP (Brasil): _c1992. |
|
| 300 | _a90 p. | ||
| 500 | _a8 graphs; 42 tables; Summaries (Eng, Por); Bibliography p. 77-85 (72 ref.) | ||
| 650 | _aMilho | ||
| 650 | _aLatossolo Vermelho Amarelo | ||
| 650 | _aSemeadura Mecanica | ||
| 650 | _aCompactacao do Solo | ||
| 650 | _aUmidade do Solo | ||
| 909 |
_a202309 _bLucia _c55 _dLucia Elande |
||
| 942 | _cBK | ||
| 999 |
_c48263 _d48263 |
||